| 000 | 01680nam a2200361 c 4500 | ||
|---|---|---|---|
| 003 | BLK | ||
| 005 | 20200707135058.0 | ||
| 008 | 180413b bul|||||r ||||||| ||bul|| | ||
| 010 | _aKNG00023829000 | ||
| 020 |
_a954-430-817-2 _bиздат.: Акад. изд. Проф. Марин Дринов |
||
| 040 | _aBLK | ||
| 041 |
_aBUL _cBUL |
||
| 080 |
_a?Литературни школи, направления и движения _b82.02 _x.036 _z82.02.036 |
||
| 080 |
_aБългарска литература _b821.163.2 _x.015 _z821.163.2.015 |
||
| 080 |
_aБългарска литература _b821.163.2 _x.09 _z821.163.2.09 |
||
| 100 | 1 |
_aЛикова, Розалия Николова _eпърви автор _9243652 |
|
| 700 | 1 |
_aКунчев, Божидар Богомилов _eпредг. от _9365067 |
|
| 139 |
_aЛикова, Розалия Николова _bЛ 57 |
||
| 245 | 1 | 0 |
_aЛитературни търсения през 90-те години _bПроблеми на постмодернизма _cРозалия Николова Ликова; предг. от Божидар Богомилов Кунчев. |
| 257 | _aBGR | ||
| 260 |
_аСофия _bАкад. изд. Проф. Марин Дринов _c2001 |
||
| 300 |
_a376 с. _c24 см |
||
| 380 | _a82 | ||
| 500 | _aИменен показалец. | ||
| 650 | 4 |
_aЛитература - направления, стилове и школи _9265754 |
|
| 650 | 4 |
_aЛитература - постмодернизъм _9265755 |
|
| 653 | _aпостмодернизъм | ||
| 852 | _aЦб 210584 | ||
| 856 | 4 |
_qpdf _u |
|
| 856 | 4 |
_qpdf _u |
|
| 942 |
_cKNG _n0 _03 |
||
| 944 |
_aCR _c15.01.2003 _kКети_Илиева |
||
| 944 |
_aED _c20.04.2006 _k |
||
| 999 |
_c21546 _d21546 |
||